000 00467pab a2200157 454500
008 180718b1998 xxu||||| |||| 00| 0 eng d
100 _aHolinger, Brenda E.
245 _aRethinking American public policy: the environment, federalism, states and supra national influences
260 _c1998
300 _ap.499-511
362 _aAutumn
650 _aPublic policy - United States
650 _aPublic policy
773 _aPolicy Studies Journal
909 _a40101
999 _c40101
_d40101